MARC details
| 000 -LEADER |
| fixed length control field |
02623cam a2200481Ii 4500 |
| 001 - CONTROL NUMBER |
| control field |
1054103964 |
| 003 - CONTROL NUMBER IDENTIFIER |
| control field |
OCoLC |
| 005 - DATE AND TIME OF LATEST TRANSACTION |
| control field |
20190830143405.0 |
| 008 - FIXED-LENGTH DATA ELEMENTS--GENERAL INFORMATION |
| fixed length control field |
180924s2018 dcua j 000 0 spa d |
| 020 ## - INTERNATIONAL STANDARD BOOK NUMBER |
| International Standard Book Number |
9781426332302 |
| Qualifying information |
(library binding) |
| 020 ## - INTERNATIONAL STANDARD BOOK NUMBER |
| International Standard Book Number |
1426332300 |
| Qualifying information |
(library binding) |
| 020 ## - INTERNATIONAL STANDARD BOOK NUMBER |
| International Standard Book Number |
9781426332296 |
| Qualifying information |
(paperback) |
| 020 ## - INTERNATIONAL STANDARD BOOK NUMBER |
| International Standard Book Number |
1426332297 |
| Qualifying information |
(paperback) |
| 035 ## - SYSTEM CONTROL NUMBER |
| System control number |
(OCoLC)1054103964 |
| 040 ## - CATALOGING SOURCE |
| Original cataloging agency |
JBO |
| Language of cataloging |
eng |
| Description conventions |
rda |
| Transcribing agency |
JBO |
| Modifying agency |
BDX |
| -- |
OCLCO |
| -- |
OQX |
| -- |
JTH |
| -- |
JJG |
| -- |
OCLCF |
| -- |
UKMGB |
| -- |
NCRJL |
| -- |
IAL |
| -- |
IGA |
| -- |
HEV |
| 041 ## - LANGUAGE CODE |
| Language code of text/sound track or separate title |
Spa |
| 050 #4 - LIBRARY OF CONGRESS CALL NUMBER |
| Classification number |
QE521.3 |
| Item number |
.S374 2018 |
| 082 04 - DEWEY DECIMAL CLASSIFICATION NUMBER |
| Classification number |
551.21 |
| Edition number |
23 |
| 100 1# - MAIN ENTRY--PERSONAL NAME |
| Personal name |
Schreiber, Anne, |
| Authority record control number |
http://id.loc.gov/authorities/names/n95026167 |
| Relator term |
author. |
| 245 14 - TITLE STATEMENT |
| Title |
Los volcanes / |
| Statement of responsibility, etc. |
Anne Schreiber. |
| 260 ## - PUBLICATION, DISTRIBUTION, ETC. (IMPRINT) |
| Place of publication, distribution, etc. |
Washington, D.C : |
| Name of publisher, distributor, etc. |
National Geographic, |
| Date of publication, distribution, etc. |
[2018] |
| 264 #1 - PRODUCTION, PUBLICATION, DISTRIBUTION, MANUFACTURE, AND COPYRIGHT NOTICE |
| Place of production, publication, distribution, manufacture |
Washington, D.C : |
| Name of producer, publisher, distributor, manufacturer |
National Geographic, |
| Date of production, publication, distribution, manufacture, or copyright notice |
[2018] |
| 300 ## - PHYSICAL DESCRIPTION |
| Extent |
31 pages : |
| Other physical details |
color illustrations ; |
| Dimensions |
24 cm. |
| 336 ## - CONTENT TYPE |
| Content type term |
text |
| Content type code |
txt |
| Source |
rdacontent. |
| 337 ## - MEDIA TYPE |
| Media type term |
unmediated |
| Media type code |
n |
| Source |
rdamedia. |
| 338 ## - CARRIER TYPE |
| Carrier type term |
volume |
| Carrier type code |
nc |
| Source |
rdacarrier. |
| 385 ## - AUDIENCE CHARACTERISTICS |
| Demographic group code |
age |
| Audience term |
Children |
| Source |
lcdgt. |
| 490 1# - SERIES STATEMENT |
| Series statement |
Libros de National Geographic para ninos. Nivel 2, Leyendo solo. |
| 490 1# - SERIES STATEMENT |
| Series statement |
National Geographic kids. |
| 505 0# - FORMATTED CONTENTS NOTE |
| Formatted contents note |
Montanas de fuego! -- Rocas calientes -- Placas movedizas -- Nace una isla -- El Anillo de Fuego -- Conoce a un volcan...o a tres -- La historia verdadera del Lago del Crater -- Roca increible -- Volcanes que rompen records -- Puntos calientes -- Un final explosivo -- Glosario de imagenes. |
| 520 ## - SUMMARY, ETC. |
| Summary, etc. |
Piedra caliente fundida desde el centro de nuestro planeta es forzada a viajar por las grietas en la corteza de la Tierra hasta explotar, violenta e inesperadamente, en una erupción que puede durar meses y a veces años. Únete a la aventura para aprender más acerca de los volcanes, uno de los fenómenos más espectaculares de la naturaleza. |
| 546 ## - LANGUAGE NOTE |
| Language note |
In Spanish = En espa��ol. |
| 586 ## - AWARDS NOTE |
| Awards note |
A Junior Library Guild selection (JLG.) |
| 650 #0 - SUBJECT ADDED ENTRY--TOPICAL TERM |
| Topical term or geographic name as entry element |
Volcanoes |
| Form subdivision |
Juvenile literature. |
| Authority record control number |
http://id.loc.gov/authorities/subjects/sh2008113306. |
| 650 #0 - SUBJECT ADDED ENTRY--TOPICAL TERM |
| Topical term or geographic name as entry element |
Volcanoes. |
| Authority record control number |
http://id.loc.gov/authorities/subjects/sh85144257. |
| 650 #1 - SUBJECT ADDED ENTRY--TOPICAL TERM |
| Topical term or geographic name as entry element |
Spanish language materials. |
| Authority record control number |
http://id.loc.gov/authorities/childrensSubjects/sj96006151. |
| 655 #7 - INDEX TERM--GENRE/FORM |
| Genre/form data or focus term |
Materiales en espa?ol. |
| Source of term |
qlsp. |
| 655 #7 - INDEX TERM--GENRE/FORM |
| Genre/form data or focus term |
Juvenile works. |
| Source of term |
fast |
| Authority record control number |
(OCoLC)fst01411637. |
| 776 08 - ADDITIONAL PHYSICAL FORM ENTRY |
| Relationship information |
ebook version : |
| International Standard Book Number |
9781426332319. |
| 830 #0 - SERIES ADDED ENTRY--UNIFORM TITLE |
| Uniform title |
National Geographic kids readers. |
| Number of part/section of a work |
Level 2. |
| Language of a work |
Spanish. |
| Authority record control number |
http://id.loc.gov/authorities/names/no2015127393. |
| 830 #0 - SERIES ADDED ENTRY--UNIFORM TITLE |
| Uniform title |
National Geographic kids. |
| Authority record control number |
http://id.loc.gov/authorities/names/no2011079597. |
| 942 ## - ADDED ENTRY ELEMENTS (KOHA) |
| Koha item type |
Libro/Book |
| Source of classification or shelving scheme |
Dewey Decimal Classification |